Представление документа в формате RUSMARC

ПолеНазваниеЗначение
  Тип записи a
  Библиографический уровень m
001 Контрольный номер UONB/MAIN/6ca03d1e10b84b5191de530f41ec468c
005 Дата корректировки 20260428124454.1
010 Индекс ISBN __
d Цена 30 к.
9 Тираж 9200 экз.
100 Данные общей обработки __
a Данные общей обработки 20260428d1987 u y0rusy018902 ca
101 Язык документа 1_
a Язык текста rus
c Язык оригинала est
102 Страна публикации __
a Страна публикации EE
105 Кодированные данные (монография) __
a Кодированные данные (монография) a z 000yy
200 Заглавие и сведения об ответственности 1_
a Заглавие Памятники и декоративная скульптура Таллина
e Сведения, относящиеся к заглавию перевод с эстонского
f Первые сведения об ответственности М. Эллер
203 Вид содержания и тип средства __
a Вид содержания Текст
b Характеристика содержания визуальный
c Тип средства непосредственный
210 Выходные данные 1_
a Место издания Таллин
c Издательство Периодика
d Дата издания 1987
215 Физическое описание __
a Объем 47 с.
c Иллюстрации/тип воспроизводства ил.
d Формат 17 см
225 Серия 1_
a Серия Достопримечательности Таллина
606 Тематические рубрики 0_
a Основная рубрика Скульптурные памятники
y Географическая подрубрика Таллин
606 Тематические рубрики 0_
a Основная рубрика Монументальная скульптура эстонская
606 Тематические рубрики 0_
a Основная рубрика Декоративная скульптура эстонская
610 Ключевые слова 0_
a Ключевые слова достопримечательности Таллина; скульптурные памятники Таллина; монументальная скульптура эстонская; декоративная скульптура эстонская
686 Индексы других классификаций __
a Классификационный индекс 85.133(2Э)
2 Код системы rubbk
686 Индексы других классификаций __
a Классификационный индекс 85.136.1
2 Код системы rubbk
700 Автор _1
a Фамилия Эллер
b Имя (инициалы) М.
g Полное личное имя Март
801 Источник записи _0
a Страна RU
b Организация Ульяновская ОНБ
c Дата составления 20260428
g Правила каталогизации RCR
801 Источник записи _1
a Страна RU
b Организация Ульяновская ОНБ
c Дата составления 20260428
g Правила каталогизации RCR
901 Тип документа __
t Тип документа m
909 Создатель записи __
a Создатель записи Мартьянова
b Дата создания записи 20260428